000 00399nam a22001697a 4500
005 20160616113054.0
008 160616b xxu||||| |||| 00| 0 eng d
020 _a978-81-203-3487-8
041 _aeng
082 _b7941
100 _aGaulka, Sue
_92075
245 _a101 Ways to captivate a business audience
260 _bPHI
_c2008
300 _a141
650 _aManagement
_9241
942 _cBK
999 _c2910
_d2909